000 00728nam a2200277 i 4500
001 C2-0102558
003 PPAK
005 20180727100234.0
008 970529s1989 my |||| ||||| | may d
020 _a9836209492
040 _aPPAK
_beng
_cPPAK
_erda
082 0 4 _a297
_223
090 0 0 _a297
_bZAB
_dG
090 0 0 _a297
_bZAB
_dKIH
090 0 0 _a297
_bZAB
_dKSA
090 0 0 _a297
_bZAB
_dKSI
100 0 _aZa'ba,
_eauthor
245 1 0 _aMencapai keluhuran budi
264 1 _aKuala Lumpur :
_bDewan Bahasa dan Pustaka ,
_c1989
300 _a91 pages ;
_c22 cm
336 _2rdacontent
_atext
337 _2rdamedia
_aunmediated
338 _2rdacarrier
_avolume
650 1 0 _aIslamic religious education
942 _ddc
_cB
999 _c23951
_d23951